| 000 | 00515nam a22001457a 4500 | ||
|---|---|---|---|
| 082 | _aT-100 | ||
| 100 |
_aMajor Aamir Aziz Mufti _948497 |
||
| 245 |
_aA laboratory study to evaluate the behaviour of marshall method of mix design at high and dry air temperature _cMajor Aamir Aziz Mufti |
||
| 260 |
_aRisalpur _bMCE _c2001xviii, 182.p: |
||
| 526 |
_a0 _b0 _c0 _dT_100 |
||
| 650 |
_aNational Institute of Transportation _948498 |
||
| 650 |
_aThesis _934811 |
||
| 700 |
_aMajor Aamir Aziz Mufti _948497 |
||
| 942 |
_2ddc _cBK |
||
| 999 |
_c551425 _d551425 |
||